| 000 | 00490nam a2200133 a 4500 | ||
|---|---|---|---|
| 008 | 120416s2005 ||||||||||||||||| || u | ||
| 050 | _aIBRD(08)PRWP/3582 | ||
| 100 | _aAmin, Mohammad | ||
| 245 | 1 | 0 | _aDoes temporary migration have to be permanent? |
| 260 |
_aWashington, D. C. _bWorld Bank _c2005 |
||
| 300 | _a51p. : ill. | ||
| 350 | _a0.00 | ||
| 995 |
_D0.00 _FCBU-MAIN LIBRARY (Kitwe) _H1 _I0.00 _UAVAILABLE _ZInternational Publications |
||
| 999 |
_c40419 _d40419 |
||